| 000 | 01232nam a2200229Ia 4500 | ||
|---|---|---|---|
| 001 | L200-54759 | ||
| 003 | IT-CnALBA | ||
| 008 | 170116s9999||||xx |||||||||||||| ||und|| | ||
| 040 |
_aIT-CnALBA _cIT-CnALBA |
||
| 041 | _aITALIANO | ||
| 100 | _aTONINI GIORGIO | ||
| 245 | 0 | _aLA MEDITAZIONE CULTURALE. L'IDEA LE FONTI IL DIBATTITO. | |
| 250 | _a1a ed. | ||
| 260 |
_aROMA _bAVE, ANONIMA VERITA'S EDITRICE _c1985 [1° Ed.:1985 - Ed.Ling.Originale: 1985] |
||
| 300 | _a380 p. | ||
| 500 | _aAPERTURA CONCILIO. PAOLO VI, IL PONTE TRA CHIESA E SOCIETÀ. IL DIALOGO. VATICANO II. LA PROMOZIONE DELLA CULTURA. MESSAGGIO AI PENSATORI E SCIENZIATI. EVANGELIZZAZIONE AI SACRAMENTI. EVANGELIZZAZIONE E PROMOZIONE UMANA. PROSPETTIVE PASTORALI CHIESA IN ITA | ||
| 501 | _aSocietà San Paolo EM - Piazza San Paolo, 14 - 12051 ALBA (CN) (non commercial uses only) ® Copyright 2017 | ||
| 520 | _aAPERTURA CONCILIO. PAOLO VI, IL PONTE TRA CHIESA E SOCIETÀ. IL DIALOGO. VATICANO II. LA PROMOZIONE DELLA CULTURA. MESSAGGIO AI PENSATORI E SCIENZIATI. EVANGELIZZAZIONE AI SACRAMENTI. EVANGELIZZAZIONE E PROMOZIONE UMANA. PROSPETTIVE PASTORALI CHIESA IN ITA | ||
| 650 | _aRELIGIONE - RELIGIONE CRISTIANA | ||
| 942 | _cBK | ||
| 957 | _71 | ||
| 999 |
_a72249 _bNO _g Copie: 1 _c313627 _d313627 |
||